[Event "Open Nord 2016/2017"]
[Site "Meyreuil"]
[Date "2017.02.03"]
[Round "6"]
[White "Loysel, Yves"]
[Black "Salvi, Michel"]
[Result "0-1"]
[WhiteElo "1629"]
[BlackElo "1717"]
[PlyCount "84"]

1. e4 d5 2. exd5 Qxd5 3. Nc3 Qa5 4. g3 Nf6 5. Nf3 c6 6. Bg2 Bf5 7. O-O e6 8. d3
Bd6 9. Bd2 Qc7 10. b4 O-O 11. b5 e5 12. Rb1 e4 13. Nh4 Bg4 14. Qe1 exd3 15.
cxd3 Nbd7 16. bxc6 Rae8 17. Qc1 bxc6 18. Na4 Be2 19. Re1 Bxd3 20. Rxe8 Rxe8 21.
Rb3 Bb5 22. Nc3 Bc4 23. Rb1 Bd3 24. Rb3 Nc5 25. Rb2 Nce4 26. Nxe4 Nxe4 27. Be3
Ba3 28. Bd4 Bxb2 29. Bxb2 Qb6 30. Bxe4 Bxe4 31. Ng2 Bxg2 32. Kxg2 c5 33. h4 Qb4
34. Bc3 Qe4+ 35. Kg1 Rb8 36. Bb2 h6 37. Kh2 Qf3 38. Qd2 Re8 39. Bc3 Re2 40.
Qd8+ Kh7 41. Qa5 Qxf2+ 42. Kh3 Qf5+ 0-1

[Event "Open Nord 2016/2017"]
[Site "Meyreuil"]
[Date "2017.02.03"]
[Round "6"]
[White "Arthaud, Geoffrey"]
[Black "Tchifteyan, Philippe"]
[Result "0-1"]
[WhiteElo "1605"]
[BlackElo "1585"]
[PlyCount "90"]

1. e4 d6 2. d4 Nc6 3. c4 e5 4. dxe5 dxe5 5. Qxd8+ Nxd8 6. Nf3 Nc6 7. Bd2 Bg4 8.
Na3 Bxf3 9. gxf3 Nd4 10. O-O-O Bxa3 11. bxa3 Nxf3 12. Be3 Nh4 13. Rd5 Ng6 14.
f3 b6 15. c5 N8e7 16. Rd2 Rd8 17. Rc2 O-O 18. cxb6 cxb6 19. Ba6 Rd6 20. Kb2
Rfd8 21. Rhc1 Rf6 22. Be2 h6 23. Rc7 Ra8 24. Rd7 Nc6 25. Rc7 Nd4 26. Bxd4 exd4
27. Rd7 Ne5 28. Rxd4 Nxf3 29. Bxf3 Rxf3 30. e5 Re3 31. Rd5 Re8 32. Rd7 a5 33.
Rb7 R3xe5 34. Rxb6 Re2+ 35. Rc2 Rxc2+ 36. Kxc2 Re5 37. Rb8+ Kh7 38. Kd3 g5 39.
Rb6 Kg7 40. Rb2 Kg6 41. Rg2 h5 42. h4 g4 43. Kd4 Rf5 44. Ke4 Rf3 45. a4 Ra3 0-1

[Event "Open Nord 2016/2017"]
[Site "Meyreuil"]
[Date "2017.02.03"]
[Round "6"]
[White "Andriamandimbisoa, Mathieu"]
[Black "Bouriel, Michel"]
[Result "1-0"]
[WhiteElo "1760"]
[BlackElo "1457"]
[PlyCount "67"]

1. d4 Nf6 2. Nf3 g6 3. c4 Bg7 4. g3 O-O 5. Bg2 d6 6. O-O c5 7. Nc3 cxd4 8. Nxd4
Nbd7 9. Qc2 Ne5 10. b3 Bd7 11. Bxb7 Rb8 12. Bg2 Neg4 13. Bb2 Qc7 14. Rfc1 Qc5
15. e3 Bh6 16. Qe2 a6 17. Nd5 Rfe8 18. h3 Ne5 19. Nxf6+ exf6 20. a3 Qc8 21. Kh2
f5 22. b4 Be6 23. Bd5 Bd7 24. b5 Be6 25. Rab1 Nd7 26. Bc6 Re7 27. bxa6 Qxa6 28.
Bb5 Qc8 29. Nc6 Re8 30. Nxb8 Qxb8 31. Bd4 Rd8 32. Bxd7 Qc7 33. Bxe6 fxe6 34.
Bb6 1-0

[Event "Open Nord 2016/2017"]
[Site "Meyreuil"]
[Date "2017.02.03"]
[Round "6"]
[White "Scamaroni, Jean-Paul"]
[Black "Schiano-Lomoriello, Didier"]
[Result "1-0"]
[WhiteElo "1596"]
[BlackElo "1579"]
[PlyCount "63"]

1. d4 Nf6 2. c4 g6 3. Nc3 d5 4. cxd5 Nxd5 5. e4 Nxc3 6. bxc3 Bg7 7. Bc4 O-O 8.
Ne2 c5 9. O-O Nc6 10. Be3 cxd4 11. cxd4 Bg4 12. f3 Na5 13. Bxf7+ Rxf7 14. fxg4
Rxf1+ 15. Kxf1 Nc4 16. Qd3 Nxe3+ 17. Qxe3 Qd7 18. h3 Rd8 19. Rd1 Qd6 20. Kg1
Kh8 21. g5 Qc7 22. Kh1 Qc2 23. Rd2 Qb1+ 24. Kh2 Qe1 25. Rd3 Rf8 26. Rc3 Rd8 27.
Rc1 Qa5 28. a3 Bxd4 29. Nxd4 Qe5+ 30. Kg1 Rxd4 31. Rc8+ Kg7 32. Qf3 1-0

[Event "Open Nord 2016/2017"]
[Site "Meyreuil"]
[Date "2017.02.03"]
[Round "6"]
[White "Roman, Sylvian"]
[Black "Boukhfif, Tarik"]
[Result "0-1"]
[WhiteElo "1339"]
[BlackElo "1469"]
[PlyCount "68"]

1. e4 c6 2. d4 d5 3. e5 Bf5 4. Nf3 e6 5. Be2 c5 6. c3 Nc6 7. O-O cxd4 8. cxd4
h6 9. Nc3 Nge7 10. a3 Bh7 11. Bd3 Bxd3 12. Qxd3 Nf5 13. Ne2 Be7 14. b3 O-O 15.
Bb2 Qb6 16. Nd2 Rac8 17. Rfc1 f6 18. f4 fxe5 19. fxe5 Nxe5 20. Qb1 Nc6 21. Kh1
Ncxd4 22. Nxd4 Nxd4 23. Bxd4 Qxd4 24. Nf3 Qf4 25. Rxc8 Rxc8 26. Qe1 Qd6 27. Nd4
Bf6 28. Rd1 Bxd4 29. Rxd4 e5 30. Rb4 b6 31. Qa1 d4 32. Rc4 Rxc4 33. bxc4 d3 34.
Qa2 Kh8 0-1

[Event "Open Nord 2016/2017"]
[Site "Meyreuil"]
[Date "2017.02.03"]
[Round "6"]
[White "Lupinacci, Patrick"]
[Black "Pietrac, Christian"]
[Result "1-0"]
[WhiteElo "1471"]
[BlackElo "1229"]
[PlyCount "99"]

1. e4 d6 2. d4 Nf6 3. Nc3 g6 4. Nf3 Bg7 5. Be2 O-O 6. O-O c5 7. dxc5 dxc5 8. e5
Nfd7 9. Bf4 Nc6 10. Qd5 Nb4 11. Qd2 Qb6 12. a3 Na6 13. Na4 Qc6 14. Nc3 Nc7 15.
Bc4 a6 16. Bd5 Nxd5 17. Nxd5 Re8 18. Ne3 e6 19. Ng4 Qb6 20. Nh6+ Kf8 21. Ng4
Rd8 22. Rfd1 Qc7 23. Bh6 b5 24. Bxg7+ Kxg7 25. Qh6+ Kh8 26. Rxd7 Qxd7 27. Nf6
Qd1+ 28. Ne1 Qh5 29. Nxh5 gxh5 30. Qf6+ Kg8 31. Qxd8+ Kg7 32. Rd1 Bb7 33. Qf6+
Kg8 34. Rd8+ Rxd8 35. Qxd8+ Kg7 36. Qe7 Be4 37. f3 Bg6 38. Qxc5 Bf5 39. h3 Kg8
40. g4 hxg4 41. hxg4 Bg6 42. Ng2 h6 43. Nh4 Bh7 44. f4 Be4 45. f5 exf5 46. gxf5
Kg7 47. f6+ Kg8 48. Qc8+ Kh7 49. Qf8 Bd5 50. Qg7# 1-0

[Event "Open Nord 2016/2017"]
[Site "Meyreuil"]
[Date "2017.02.03"]
[Round "6"]
[White "Ribelles, Anthony"]
[Black "Chauvet, Joelle"]
[Result "1-0"]
[WhiteElo "1397"]
[BlackElo "1462"]
[PlyCount "35"]

1. e4 e5 2. Nf3 d6 3. d4 Bg4 4. dxe5 Bxf3 5. Qxf3 dxe5 6. Bc4 Qf6 7. Qb3 b6 8.
Nc3 Bc5 9. O-O Ne7 10. Nb5 Bd6 11. f4 Qg6 12. fxe5 O-O 13. exd6 Nec6 14. Bd5
Na5 15. Qc3 Nbc6 16. b4 Rac8 17. bxa5 Nxa5 18. Bxf7+ 1-0

[Event "Open Nord 2016/2017"]
[Site "Meyreuil"]
[Date "2017.02.03"]
[Round "6"]
[White "Pinto, Axel"]
[Black "Amoros, Jean"]
[Result "1/2-1/2"]
[WhiteElo "1320"]
[BlackElo "1443"]
[PlyCount "100"]

1. e4 e5 2. Nf3 Nc6 3. Bb5 Nd4 4. Nxd4 exd4 5. O-O Bc5 6. c3 a6 7. Ba4 Ne7 8.
cxd4 Bxd4 9. Nc3 O-O 10. Re1 Ng6 11. d3 b5 12. Bb3 Bb7 13. Be3 Bf6 14. Qc2 c6
15. d4 a5 16. a3 Re8 17. e5 Be7 18. f4 d5 19. f5 Nh8 20. e6 fxe6 21. fxe6 Bf6
22. Bf2 Bc8 23. Qf5 Ng6 24. Bc2 Rf8 25. Qh3 Qe8 26. Re2 Ra7 27. Rae1 Re7 28.
Bf5 Bg5 29. Bg3 Bh6 30. Bd6 Rf6 31. Bxg6 Rxg6 32. Bxe7 Qxe7 33. b4 a4 34. Nd1
Bg5 35. Qc3 Bb7 36. Nf2 Bh4 37. Qc5 h6 38. Qxe7 Bxe7 39. Nd3 Bc8 40. Nc5 Kf8
41. Nd7+ Ke8 42. h3 Rg3 43. Nb8 Bb7 44. Re3 Rg6 45. Kh2 Bd6+ 46. Kg1 Bxb8 47.
e7 Rf6 48. Re6 Rf4 49. Rg6 Rf7 50. Rge6 Ba7 1/2-1/2

[Event "Open Nord 2016/2017"]
[Site "Meyreuil"]
[Date "2017.02.03"]
[Round "6"]
[White "Fastier, Adrien"]
[Black "Mignemi, Denis"]
[Result "1/2-1/2"]
[WhiteElo "1314"]
[BlackElo "1482"]
[PlyCount "98"]

1. Nf3 d5 2. c4 c6 3. cxd5 cxd5 4. g3 Nf6 5. Bg2 g6 6. d3 Nc6 7. O-O Bg7 8. Nc3
O-O 9. Rb1 Bg4 10. Nd2 Bf5 11. Re1 Bc8 12. b3 e6 13. Bb2 a6 14. Rc1 Bd7 15. Rc2
Rc8 16. Qa1 b5 17. Nd1 Nh5 18. Bxg7 Nxg7 19. Ne3 Ne8 20. Rec1 Nd6 21. Ng4 f6
22. Ne3 Qe7 23. Bf3 Ne5 24. Bg2 Rxc2 25. Rxc2 Rc8 26. Qc1 Qd8 27. Nf3 Nxf3+ 28.
Bxf3 Rxc2 29. Qxc2 Qc8 30. Qxc8+ Nxc8 31. Bg4 h5 32. Nxd5 Kf7 33. Bh3 Bc6 34.
Ne3 Nb6 35. Kf1 g5 36. Bg2 Bxg2+ 37. Nxg2 Nd5 38. a3 f5 39. h3 Kf6 40. Ke1 e5
41. Kd2 Ke6 42. Ne3 Nf6 43. f3 f4 44. gxf4 exf4 45. Ng2 Nd5 46. e3 fxe3+ 47.
Nxe3 Nf4 48. h4 gxh4 49. Nf1 h3 1/2-1/2

[Event "Open Nord 2016/2017"]
[Site "Meyreuil"]
[Date "2017.02.03"]
[Round "6"]
[White "Burmonas, Solange"]
[Black "Perdiolat, Francis"]
[Result "0-1"]
[WhiteElo "1290"]
[BlackElo "1464"]
[PlyCount "56"]

1. e4 d6 2. d4 Nf6 3. Nc3 g6 4. Nf3 Bg7 5. Bc4 O-O 6. O-O Nxe4 7. Nxe4 d5 8.
Bd3 dxe4 9. Bxe4 Nc6 10. c3 e5 11. Be3 f5 12. Bc2 e4 13. Bb3+ Kh8 14. Ng5 f4
15. Bc1 Qxg5 16. Re1 Bf5 17. Kf1 Qh4 18. h3 f3 19. Re3 Bh6 20. d5 fxg2+ 21. Ke2
Bxe3 22. Bxe3 Qh5+ 23. Kd2 Qxd1+ 24. Rxd1 Ne5 25. Bd4 Rae8 26. Kc1 Bxh3 27. a3
h6 28. Ba2 Kh7 0-1

[Event "Open Nord 2016/2017"]
[Site "Meyreuil"]
[Date "2017.02.03"]
[Round "6"]
[White "Salvi, Angele"]
[Black "Gourdeau, Marie-Christine"]
[Result "0-1"]
[WhiteElo "1026"]
[BlackElo "1377"]
[PlyCount "56"]

1. e4 c6 2. d4 d5 3. Nc3 dxe4 4. Nxe4 Nd7 5. Nf3 Ngf6 6. Ng3 e6 7. Bd3 Be7 8.
h3 c5 9. c3 cxd4 10. Nxd4 O-O 11. Be3 a6 12. Qe2 Bd6 13. f4 Nd5 14. Bd2 Bxf4
15. Bxf4 Nxf4 16. Bxh7+ Kxh7 17. Qe4+ Ng6 18. O-O-O Qg5+ 19. Kb1 Qxg3 20. Nb3
Qe5 21. Qc2 b5 22. Rd2 Nb6 23. Na5 Nc4 24. Nxc4 bxc4 25. Kc1 Bb7 26. a4 Be4 27.
Qd1 Nf4 28. Re1 Nd3+ 0-1

[Event "Open Nord 2016/2017"]
[Site "Meyreuil"]
[Date "2017.02.03"]
[Round "6"]
[White "Schoeni, Christine"]
[Black "Gougeon, Hugo"]
[Result "0-1"]
[WhiteElo "1113"]
[BlackElo "1180"]
[PlyCount "58"]

1. d4 d5 2. Nc3 Bf5 3. e3 Nc6 4. a3 e6 5. Nf3 Nf6 6. Bb5 Bd6 7. O-O O-O 8. Nh4
Bg4 9. f3 Bh5 10. Qe1 a6 11. Be2 e5 12. b4 exd4 13. exd4 Nxd4 14. Bd3 Bg6 15.
Nxg6 fxg6 16. Bg5 Qd7 17. Qf2 c5 18. Bxf6 Rxf6 19. Ne2 Be5 20. Rae1 g5 21. Nxd4
Bxd4 22. Re3 Re8 23. Rfe1 Rfe6 24. Kf1 Rxe3 25. Bxh7+ Kxh7 26. Qd2 Rxe1+ 27.
Qxe1 Rxe1+ 28. Kxe1 Qa4 29. Kd2 cxb4 0-1

[Event "Open Nord 2016/2017"]
[Site "Meyreuil"]
[Date "2017.02.03"]
[Round "6"]
[White "Hidreau, Olivier"]
[Black "Burmonas, Marc"]
[Result "1-0"]
[WhiteElo "1406"]
[BlackElo "1150"]
[PlyCount "41"]

1. e4 e6 2. d4 d5 3. e5 Be7 4. Qg4 Bf8 5. Nc3 Ne7 6. Bd3 Nf5 7. Nce2 Nc6 8. c3
Be7 9. Bxf5 exf5 10. Qxg7 Rf8 11. Qxh7 Be6 12. Bh6 Kd7 13. Bxf8 Qxf8 14. Nf4
Qg8 15. Qh3 Bg5 16. Nge2 Qh8 17. Qxh8 Rxh8 18. g3 Na5 19. h4 Bh6 20. Nd3 Rg8
21. Nef4 1-0

[Event "Open Nord 2016/2017"]
[Site "Meyreuil"]
[Date "2017.02.03"]
[Round "6"]
[White "Lognos, Lina"]
[Black "Renoulet, Francoise"]
[Result "1-0"]
[WhiteElo "1043"]
[BlackElo "1081"]
[PlyCount "97"]

1. g3 c5 2. d3 Nc6 3. c4 d6 4. Bg2 Bd7 5. Nc3 Nf6 6. a3 g6 7. Rb1 Bg7 8. e4 Nd4
9. e5 dxe5 10. Bxb7 Rb8 11. Bg2 O-O 12. Nf3 Bc6 13. O-O e4 14. dxe4 Nxe4 15.
Re1 f5 16. Nxe4 Bxe4 17. Ra1 Qb6 18. Nxd4 Bxd4 19. Bxe4 fxe4 20. Rxe4 Bxb2 21.
Qd5+ Rf7 22. Rxe7 Qf6 23. Bf4 Rbf8 24. Rae1 Kh8 25. Be5 Bxe5 26. Qxe5 Kg8 27.
Qxf6 Rxf6 28. R1e2 Ra6 29. Rc7 Rxa3 30. Rxc5 Rf6 31. Rc8+ Kg7 32. Re7+ Kh6 33.
Rh8 a5 34. Rhxh7+ Kg5 35. Re5+ Rf5 36. Rxf5+ gxf5 37. Rg7+ Kf6 38. Rc7 Ke5 39.
Rc5+ Kd4 40. Rxf5 Kxc4 41. h4 a4 42. h5 Ra1+ 43. Kg2 a3 44. h6 a2 45. h7 Rb1
46. h8=Q Kb3 47. Rb5+ Ka3 48. Ra5+ Kb3 49. Qb8+ 1-0

[Event "Open Nord 2016/2017"]
[Site "Meyreuil"]
[Date "2017.03.03"]
[Round "7"]
[White "Mamah, Isabelle"]
[Black "Andriamandimbisoa, Mathieu"]
[Result "1-0"]
[WhiteElo "1875"]
[BlackElo "1766"]
[PlyCount "93"]

1. e4 e5 2. Nf3 Nc6 3. Bc4 Nf6 4. d3 Be7 5. O-O d6 6. c3 O-O 7. Bb3 Bg4 8. Nbd2
Re8 9. h3 Bh5 10. Re1 h6 11. Nf1 Bg6 12. Ng3 Bf8 13. Nh4 Bh7 14. Nhf5 Ne7 15.
Ne3 Bg6 16. Qf3 c6 17. Nc4 b5 18. Ne3 Qb6 19. Nef5 Nxf5 20. Nxf5 d5 21. Nxh6+
Kh7 22. Nf5 Bc5 23. Be3 Bxe3 24. Rxe3 d4 25. cxd4 exd4 26. Ree1 Nd7 27. Nh4 Ne5
28. Qg3 c5 29. Bd5 Rad8 30. f4 Nxd3 31. Qxd3 Rxd5 32. f5 Bxf5 33. Nxf5 c4 34.
Qg3 Rxf5 35. exf5 d3+ 36. Kh1 Rxe1+ 37. Rxe1 Qf6 38. Qf3 g6 39. fxg6+ Kxg6 40.
Qe4+ Qf5 41. Qc6+ Kg7 42. Qe4 Kg6 43. Qe3 Qd7 44. Rf1 f6 45. h4 a5 46. Qe4+ f5
47. Qf4 1-0

[Event "Open Nord 2016/2017"]
[Site "Meyreuil"]
[Date "2017.03.03"]
[Round "7"]
[White "Lemarchand, Fabien"]
[Black "Pelopidas, Florian"]
[Result "1-0"]
[WhiteElo "1643"]
[BlackElo "1700"]
[PlyCount "89"]

1. e4 e6 2. b3 d5 3. Bb2 c5 4. exd5 exd5 5. d4 Nf6 6. Nf3 Nc6 7. Bb5 a6 8.
Bxc6+ bxc6 9. O-O Be7 10. Ne5 Bb7 11. Re1 O-O 12. Ba3 Re8 13. Bxc5 Bxc5 14.
dxc5 Ne4 15. Nd3 Qf6 16. Nd2 Nxd2 17. Qxd2 Rad8 18. Rxe8+ Rxe8 19. Re1 Rxe1+
20. Qxe1 h6 21. Qe5 Qxe5 22. Nxe5 Kf8 23. Kf1 f6 24. Nd3 Ke7 25. Ke2 Ke6 26.
Ke3 g5 27. g4 f5 28. gxf5+ Kxf5 29. f3 h5 30. c3 g4 31. fxg4+ Kxg4 32. Nf2+ Kf5
33. h4 Bc8 34. Kf3 Kf6 35. Kf4 Bf5 36. b4 Bb1 37. a3 Bf5 38. Nd1 Bc2 39. Ne3
Bd3 40. Ng2 Bc2 41. Ne1 Be4 42. a4 Bf5 43. Nf3 Bc2 44. a5 Bd3 45. Nd4 1-0

[Event "Open Nord 2016/2017"]
[Site "Meyreuil"]
[Date "2017.03.03"]
[Round "7"]
[White "Salvi, Michel"]
[Black "Scamaroni, Jean-Paul"]
[Result "1-0"]
[WhiteElo "1684"]
[BlackElo "1596"]
[PlyCount "67"]

1. e4 c5 2. Nf3 d6 3. d4 cxd4 4. Nxd4 Nf6 5. Nc3 a6 6. Qf3 e5 7. Nb3 Be6 8. h3
Be7 9. g4 h6 10. Be3 Nbd7 11. Bg2 b5 12. O-O Qc7 13. Qe2 Bc4 14. Qd2 Bxf1 15.
Rxf1 Rc8 16. Rc1 Nc5 17. f3 Nxb3 18. axb3 b4 19. Ne2 a5 20. f4 Nd7 21. f5 Qc6
22. Ng3 Nc5 23. f6 Bf8 24. Nf5 Nxb3 25. fxg7 Bxg7 26. Nxg7+ Kf8 27. Ne6+ fxe6
28. Qf2+ Ke7 29. cxb3 Qd7 30. Qh4+ Ke8 31. Rxc8+ Qxc8 32. Bf1 Kd7 33. Bb5+ Kc7
34. Qe7+ 1-0

[Event "Open Nord 2016/2017"]
[Site "Meyreuil"]
[Date "2017.03.03"]
[Round "7"]
[White "Graells, Christian"]
[Black "Tchifteyan, Philippe"]
[Result "1-0"]
[WhiteElo "1611"]
[BlackElo "1585"]
[PlyCount "105"]

1. e4 c5 2. Nf3 Nc6 3. c3 d6 4. Be2 Nf6 5. d3 e6 6. O-O Be7 7. Nbd2 O-O 8. Nc4
Qc7 9. Qc2 b5 10. Ne3 Bb7 11. a3 a6 12. b3 Nd7 13. Bb2 Bf6 14. Ng4 Be7 15. d4
f5 16. exf5 exf5 17. Ne3 g6 18. Nd5 Qd8 19. Nf4 Re8 20. Ne6 Qc8 21. d5 Nce5 22.
c4 bxc4 23. bxc4 Bf6 24. Rab1 Rb8 25. Qd2 Nf8 26. Nfg5 h6 27. Nxf8 Bxg5 28. f4
Bxf4 29. Qxf4 g5 30. Qxf5 Qxf5 31. Rxf5 Rxf8 32. Rxf8+ Kxf8 33. Rf1+ Kg7 34.
Bxe5+ dxe5 35. Rb1 e4 36. Bg4 Kf6 37. Kf2 Ke7 38. Ke3 Kd6 39. Rb6+ Kc7 40. Rxh6
Re8 41. d6+ Kb8 42. Rg6 Rd8 43. d7 Kc7 44. Rxg5 Kb6 45. h4 Bc6 46. Rg6 Kc7 47.
Rg7 Rb8 48. h5 Rb3+ 49. Kf4 e3 50. h6 Bxg2 51. h7 Bh3 52. d8=Q+ Kxd8 53. h8=Q#
1-0

[Event "Open Nord 2016/2017"]
[Site "Meyreuil"]
[Date "2017.03.03"]
[Round "7"]
[White "Boukhfif, Tarik"]
[Black "Loysel, Yves"]
[Result "0-1"]
[WhiteElo "1469"]
[BlackElo "1629"]
[PlyCount "90"]

1. d4 Nf6 2. c4 g6 3. Nc3 d5 4. cxd5 Nxd5 5. e4 Nxc3 6. bxc3 Bg7 7. Bc4 O-O 8.
Ne2 c5 9. O-O Nc6 10. Be3 Bg4 11. f3 Na5 12. Bxf7+ Rxf7 13. fxg4 Rxf1+ 14. Qxf1
Nc4 15. Bf4 Qd7 16. Ng3 b5 17. Qd3 Rf8 18. Ne2 cxd4 19. Bg3 e5 20. Bf2 Nb2 21.
Qc2 dxc3 22. Nxc3 Nc4 23. Rd1 Qb7 24. Rb1 a6 25. Nd5 Rc8 26. a4 Nb6 27. Qd3
Nxd5 28. Qxd5+ Qxd5 29. exd5 Kf7 30. axb5 axb5 31. Rxb5 Rc1+ 32. Be1 Rxe1+ 33.
Kf2 Rd1 34. Rb7+ Kg8 35. Rb8+ Bf8 36. Rd8 Kf7 37. Ke2 Rd4 38. h3 Be7 39. Rh8
Rxd5 40. Rxh7+ Ke8 41. Rh8+ Kd7 42. Ra8 Ke6 43. Ke3 Bg5+ 44. Kf3 Rd3+ 45. Ke4
Re3# 0-1

[Event "Open Nord 2016/2017"]
[Site "Meyreuil"]
[Date "2017.03.03"]
[Round "7"]
[White "Arthaud, Geoffrey"]
[Black "Ribelles, Anthony"]
[Result "1-0"]
[WhiteElo "1605"]
[BlackElo "1397"]
[PlyCount "61"]

1. d4 Nf6 2. c4 c5 3. d5 e6 4. Nc3 exd5 5. cxd5 d6 6. e4 g6 7. h3 Bg7 8. Nf3
O-O 9. Bd3 Re8 10. O-O a6 11. a4 Qc7 12. Nd2 Nbd7 13. Nc4 Ne5 14. Nxe5 Rxe5 15.
Bf4 Re8 16. Re1 Nd7 17. Rc1 Ne5 18. Bf1 f5 19. b3 Bd7 20. Qc2 Nf7 21. Bd3 fxe4
22. Bxe4 b5 23. Bd3 c4 24. bxc4 bxc4 25. Ne4 Rab8 26. Qxc4 Qa5 27. Qxa6 Qxd5
28. Nxd6 Rxe1+ 29. Rxe1 Bc6 30. Be4 Qe6 31. Qxc6 1-0

[Event "Open Nord 2016/2017"]
[Site "Meyreuil"]
[Date "2017.03.03"]
[Round "7"]
[White "Perdiolat, Francis"]
[Black "Lupinacci, Patrick"]
[Result "1-0"]
[WhiteElo "1464"]
[BlackElo "1469"]
[PlyCount "75"]

1. e4 c5 2. Nc3 Nc6 3. g3 g6 4. Bg2 Bg7 5. d3 e6 6. Nge2 Nge7 7. O-O d5 8. exd5
exd5 9. Nf4 d4 10. Ne4 b6 11. Qe2 O-O 12. Re1 Re8 13. Qf1 Bb7 14. Nh3 Nf5 15.
Bf4 Be5 16. g4 Ng7 17. Bxe5 Rxe5 18. f4 Re8 19. Re2 Rb8 20. a3 Kh8 21. Rae1 f5
22. gxf5 Nxf5 23. Qf2 Ne3 24. Nhg5 Kg7 25. Bh3 Bc8 26. Qg3 Bf5 27. Rxe3 dxe3
28. Bxf5 Nd4 29. Bg4 h6 30. Nf3 Nxc2 31. Rd1 Rxe4 32. Bf5 Re7 33. Qxg6+ Kf8 34.
Qxh6+ Rg7+ 35. Kh1 Qd5 36. Be4 Qd8 37. Rg1 Qe7 38. Qh8+ 1-0

[Event "Open Nord 2016/2017"]
[Site "Meyreuil"]
[Date "2017.03.03"]
[Round "7"]
[White "Schiano-Lomoriello, Didier"]
[Black "Pinto, Axel"]
[Result "0-1"]
[WhiteElo "1608"]
[BlackElo "1320"]
[PlyCount "80"]

1. e4 c5 2. Nf3 d6 3. d4 cxd4 4. Nxd4 Nf6 5. Nc3 a6 6. Be3 e5 7. Nb3 Be7 8. f3
Be6 9. Qd2 h5 10. O-O-O O-O 11. Bg5 Nbd7 12. h3 Rc8 13. Kb1 b5 14. a3 Rc6 15.
Qe1 Nb6 16. Qh4 Rxc3 17. bxc3 Nc4 18. Bxc4 bxc4 19. Na1 Qa5 20. Kc1 Qxc3 21.
Qe1 Qxa1+ 22. Kd2 Qxa3 23. Ke2 Qb2 24. Rc1 d5 25. exd5 Bxd5 26. Kf2 Ne4+ 27.
fxe4 Bxg5 28. exd5 Bxc1 29. Qxc1 Qd4+ 30. Qe3 Qxd5 31. Kg3 Ra8 32. Qe2 g6 33.
Ra1 Qb5 34. Qe4 Ra7 35. Qe3 Rd7 36. Qf3 Kg7 37. Qa8 Qb2 38. Rxa6 Qxc2 39. Qe8
Qe4 40. Qxd7 Qf4# 0-1

[Event "Open Nord 2016/2017"]
[Site "Meyreuil"]
[Date "2017.03.03"]
[Round "7"]
[White "Amoros, Jean"]
[Black "Pietrac, Christian"]
[Result "1-0"]
[WhiteElo "1443"]
[BlackElo "1229"]
[PlyCount "145"]

1. e4 d6 2. d4 Nf6 3. Nc3 g6 4. Nf3 Bg7 5. Be3 O-O 6. Qd2 Nbd7 7. Bd3 c5 8. Bh6
cxd4 9. Nxd4 e5 10. Nf5 gxf5 11. Qg5 Nh5 12. Qxh5 Bxh6 13. Qxh6 Qf6 14. Qxf6
Nxf6 15. exf5 a6 16. O-O-O b5 17. g4 Bb7 18. Rhg1 Kh8 19. Be2 Rad8 20. g5 Ne4
21. Nxe4 Bxe4 22. Bd3 Bf3 23. Rd2 e4 24. Be2 d5 25. Bxf3 exf3 26. Rd3 Rg8 27.
Rxf3 d4 28. Rd3 Rd5 29. h4 Rxf5 30. Rxd4 Rxf2 31. Rgd1 Rh2 32. Rf4 Kg7 33. Rdf1
Rf8 34. b3 Rg2 35. Kb2 h6 36. gxh6+ Kxh6 37. Rf6+ Kh5 38. Rxf7 Rh8 39. R7f6 Rg4
40. Rxa6 Rxh4 41. Rb6 b4 42. Rd1 Rg8 43. Rd5+ Rg5 44. Rdd6 Rf4 45. Rbc6 Kg4 46.
Rd8 Rg7 47. Rcc8 Rg5 48. Rc4 Kf3 49. Rxf4+ Kxf4 50. Rd4+ Kf5 51. Rd5+ Kf6 52.
Rxg5 Kxg5 53. Kc1 Kf4 54. Kd2 Ke4 55. c3 bxc3+ 56. Kxc3 Kd5 57. Kb4 Kc6 58. Ka5
Kb7 59. b4 Ka7 60. Kb5 Kb7 61. a4 Ka7 62. Kc6 Kb8 63. Kb6 Ka8 64. a5 Kb8 65.
Kc6 Ka8 66. b5 Kb8 67. b6 Ka8 68. a6 Kb8 69. Kd7 Ka8 70. Kd8 Kb8 71. b7 Ka7 72.
Kc7 Kxa6 73. b8=Q 1-0

[Event "Open Nord 2016/2017"]
[Site "Meyreuil"]
[Date "2017.03.03"]
[Round "7"]
[White "Bouriel, Michel"]
[Black "Roman, Sylvian"]
[Result "1/2-1/2"]
[WhiteElo "1427"]
[BlackElo "1339"]
[PlyCount "142"]

1. c4 e5 2. Nc3 Nc6 3. d3 Nf6 4. g3 Bc5 5. Bg2 O-O 6. Nf3 d6 7. O-O a6 8. a3
Nd4 9. b4 Nxf3+ 10. Bxf3 Bd4 11. Bd2 Bh3 12. Bg2 Bxg2 13. Kxg2 e4 14. e3 Bxc3
15. Bxc3 d5 16. Bxf6 Qxf6 17. cxd5 exd3 18. Qxd3 Rad8 19. Qc4 Qe5 20. e4 b5 21.
Qc2 Rfe8 22. Rfe1 Rc8 23. f3 g6 24. Qd2 Rcd8 25. Rac1 Re6 26. f4 Qd6 27. Qe3
Ree8 28. Rc6 Qe7 29. Rxa6 Rxd5 30. Qb3 Rd2+ 31. Kg1 Qd7 32. Qf3 Rd3 33. Qg2
Qd4+ 34. Qf2 Rxe4 35. Ra8+ Kg7 36. Qxd4+ Rdxd4 37. Rxe4 Rxe4 38. Rc8 Rc4 39.
Kf2 Rc2+ 40. Kg1 h5 41. Re8 Rc1+ 42. Kg2 Rc2+ 43. Kh3 Kf6 44. Re5 Rc3 45. Rxb5
Rxa3 46. Rc5 Ra7 47. b5 Rb7 48. g4 hxg4+ 49. Kxg4 Kg7 50. h4 Kh6 51. f5 Rb6 52.
Rxc7 gxf5+ 53. Kxf5 Rxb5+ 54. Kf6 Rb6+ 55. Kxf7 Rg6 56. Rc8 Rg7+ 57. Kf6 Rg6+
58. Kf5 Ra6 59. Rh8+ Kg7 60. Re8 Ra5+ 61. Re5 Rxe5+ 62. Kxe5 Kh7 63. Kf5 Kg7
64. h5 Kh7 65. Kg5 Kh8 66. Kg6 Kg8 67. h6 Kh8 68. Kh5 Kh7 69. Kg5 Kh8 70. Kg6
Kg8 71. h7+ Kh8 1/2-1/2

[Event "Open Nord 2016/2017"]
[Site "Meyreuil"]
[Date "2017.03.03"]
[Round "7"]
[White "Gougeon, Hugo"]
[Black "Gourdeau, Marie-Christine"]
[Result "0-1"]
[WhiteElo "1180"]
[BlackElo "1377"]
[PlyCount "60"]

1. e4 c6 2. d4 d5 3. f3 dxe4 4. fxe4 e6 5. Nf3 Nf6 6. Nc3 Bb4 7. Bd2 Nbd7 8. a3
Bxc3 9. Bxc3 O-O 10. Ng5 h6 11. e5 hxg5 12. exf6 Nxf6 13. Bd3 g6 14. O-O Nd5
15. Bd2 Nf4 16. Bxf4 Qxd4+ 17. Rf2 gxf4 18. c3 Qf6 19. Qg4 e5 20. g3 Bxg4 21.
Raf1 f3 22. Be4 Qe6 23. Bxf3 Bxf3 24. Rxf3 Rad8 25. Rf6 Qh3 26. R1f3 Rd1+ 27.
Rf1 Rxf1+ 28. Rxf1 Rd8 29. Rc1 Rd2 30. b4 Qg2# 0-1

[Event "Open Nord 2016/2017"]
[Site "Meyreuil"]
[Date "2017.03.03"]
[Round "7"]
[White "Mignemi, Denis"]
[Black "Chauvet, Joelle"]
[Result "1/2-1/2"]
[WhiteElo "1482"]
[BlackElo "1460"]
[PlyCount "60"]

1. d4 d5 2. Nf3 Nc6 3. Bf4 e6 4. e3 Bd6 5. Bxd6 Qxd6 6. c3 Nf6 7. Nbd2 O-O 8.
Bd3 Re8 9. Qc2 e5 10. dxe5 Nxe5 11. Nxe5 Qxe5 12. Nf3 Qh5 13. O-O-O c6 14. h3
Ne4 15. g4 Qg6 16. Rdg1 Qf6 17. Bxe4 dxe4 18. Nd4 Bd7 19. g5 Qe5 20. h4 g6 21.
h5 c5 22. Ne2 Bf5 23. Ng3 Rad8 24. Nxf5 Qxf5 25. hxg6 fxg6 26. Qb3+ Qd5 27.
Qxd5+ Rxd5 28. Rh4 Re7 29. Rf4 Rf5 30. Rgg4 Rxf4 1/2-1/2

[Event "Open Nord 2016/2017"]
[Site "Meyreuil"]
[Date "2017.03.03"]
[Round "7"]
[White "Fastier, Adrien"]
[Black "Burmonas, Solange"]
[Result "1-0"]
[WhiteElo "1347"]
[BlackElo "1290"]
[PlyCount "71"]

1. Nf3 d6 2. e4 e5 3. d4 f6 4. dxe5 fxe5 5. Bc4 h6 6. Nxe5 dxe5 7. Qh5+ Kd7 8.
Qxe5 Qe7 9. Qd5+ Ke8 10. Qh5+ Kd7 11. O-O c6 12. Rd1+ Kc7 13. Bf4+ Kb6 14. Nc3
Qb4 15. Bd3 Nf6 16. Qe2 Bg4 17. f3 Be6 18. a3 Qd4+ 19. Be3 Bc5 20. Bxd4 Bxd4+
21. Kh1 Nh5 22. Na4+ Kc7 23. Qe1 b6 24. Qh4 Nf6 25. Qf4+ Kb7 26. e5 Nd5 27.
Qxd4 c5 28. Qe4 Kc7 29. Bc4 Rd8 30. Bxd5 Bxd5 31. Rxd5 Rxd5 32. Qxd5 Nc6 33.
Rd1 Rd8 34. Qf7+ Kc8 35. Rxd8+ Nxd8 36. e6 1-0

[Event "Open Nord 2016/2017"]
[Site "Meyreuil"]
[Date "2017.03.03"]
[Round "7"]
[White "Hidreau, Olivier"]
[Black "Lognos, Lina"]
[Result "1-0"]
[WhiteElo "1406"]
[BlackElo "1068"]
[PlyCount "42"]

1. e4 c5 2. c3 Nc6 3. Nf3 e5 4. Bc4 Nf6 5. d3 Be7 6. Bxf7+ Kf8 7. Bb3 d5 8. O-O
Be6 9. Ng5 Qd7 10. Nxe6+ Qxe6 11. Nd2 h6 12. Nf3 Na5 13. Nh4 Nh7 14. Bxd5 Qf6
15. Nf5 Nc6 16. Nxe7 Kxe7 17. f4 Na5 18. fxe5 Qxe5 19. Rf7+ Ke8 20. Bf4 Qe7 21.
Rxe7+ Kxe7 1-0